[Event "2.Nord-West-Cup"]
[Site "?"]
[Date "2000.02.12"]
[Round "5"]
[White "van Hove, Ode"]
[Black "Mader, Sascha"]
[Result "0-1"]
[WhiteElo "1387"]
[BlackElo "1959"]
[PlyCount "40"]

1. e4 e6 2. d4 d5 3. Nc3 Bb4 4. Bd2 Nf6 5. e5 Bxc3 6. bxc3 Ne4 7. Bd3 Nxd2 8.
Qxd2 b6 9. Nf3 Ba6 10. Bxa6 Nxa6 11. O-O c5 12. Rfd1 O-O 13. Rab1 Qe7 14. Ra1
h6 15. Re1 Rac8 16. Reb1 Rc7 17. Rb3 Rfc8 18. a3 cxd4 19. cxd4 Rxc2 20. Qd3
Rc1+ 0-1

[Event "2.Nord-West-Cup"]
[Site "?"]
[Date "2000.02.13"]
[Round "6"]
[White "van Hove, Ode"]
[Black "Kumeth, Hartmut"]
[Result "1/2-1/2"]
[WhiteElo "1387"]
[BlackElo "1739"]
[PlyCount "90"]

1. e4 e5 2. Nf3 Nc6 3. Bc4 Be7 4. Nc3 d6 5. h3 Nf6 6. O-O O-O 7. Re1 a6 8. a3
Bd7 9. d4 exd4 10. Nxd4 Ne5 11. Bb3 c5 12. Nf3 Qc8 13. Nd5 Nxd5 14. exd5 Nxf3+
15. Qxf3 Bf6 16. c3 Bf5 17. Bf4 Rd8 18. a4 Bg6 19. a5 Qc7 20. Qg3 c4 21. Bd1
Qc5 22. Bf3 Qb5 23. Re2 Bd3 24. Rd2 Be7 25. h4 Bf8 26. h5 b6 27. axb6 Qxb6 28.
Re1 Re8 29. Rxe8 Rxe8 30. Be3 Rxe3 31. fxe3 Qxe3+ 32. Qf2 Qxf2+ 33. Kxf2 a5 34.
Rd1 a4 35. Ra1 Bc2 36. Bd1 Be4 37. Bf3 Bc2 38. Ke3 g6 39. Be4 Bh6+ 40. Kf3 Bb3
41. hxg6 hxg6 42. g4 Kg7 43. Rf1 Bg5 44. Kg3 Bf6 45. Bb1 Bg5 1/2-1/2

[Event "2.Nord-West-Cup"]
[Site "?"]
[Date "2000.02.10"]
[Round "1"]
[White "Walter, Stefan"]
[Black "Zschischang, Gunnar"]
[Result "1-0"]
[WhiteElo "1525"]
[BlackElo "2066"]
[PlyCount "93"]

1. d4 Nc6 2. e4 e5 3. dxe5 Nxe5 4. f4 Nc6 5. Nf3 Bc5 6. Bc4 d6 7. Ng5 Nh6 8.
Nc3 O-O 9. h3 Na5 10. Bd3 f6 11. Nf3 f5 12. Bd2 Nc6 13. Qe2 fxe4 14. Bxe4 Nf5
15. Bxf5 Bxf5 16. Qc4+ Kh8 17. O-O-O a6 18. g4 b5 19. Qf1 Be6 20. f5 Bc4 21.
Qg2 Qd7 22. Ne4 Bb4 23. Bxb4 Nxb4 24. a3 Nd5 25. Qg3 Nf6 26. Nxf6 Rxf6 27. Qf4
Qc6 28. Rhe1 Qc5 29. Nd2 Bd3 30. c3 Rb8 31. Ne4 Bxe4 32. Qxe4 a5 33. Rd5 Qc6
34. g5 Rff8 35. Qd4 b4 36. f6 Rf7 37. fxg7+ Kg8 38. Rxa5 bxc3 39. Qxc3 Qg2 40.
Rb5 Rc8 41. a4 c5 42. Qe3 Kxg7 43. h4 Qg4 44. Qe4 Qh3 45. Rb6 d5 46. Qe5+ Kg8
47. g6 1-0

[Event "2.Nord-West-Cup"]
[Site "?"]
[Date "2000.02.12"]
[Round "4"]
[White "Walter, Stefan"]
[Black "Fleischer, Uwe"]
[Result "0-1"]
[WhiteElo "1525"]
[BlackElo "2088"]
[PlyCount "106"]

1. d4 d5 2. c4 c6 3. Nc3 Nf6 4. e3 e6 5. b3 Nbd7 6. Bb2 Bd6 7. Nf3 O-O 8. Bd3
dxc4 9. bxc4 e5 10. O-O Qe7 11. Qc2 Re8 12. Nd2 Bc7 13. h3 exd4 14. exd4 Qd6
15. Nf3 b6 16. a4 Bb7 17. Ba3 Qf4 18. Ne2 Qh6 19. Ng3 g6 20. Rfe1 Rad8 21. Be7
Rc8 22. Re2 Qf4 23. Rae1 Bd6 24. Bxd6 Qxd6 25. Rxe8+ Rxe8 26. Rxe8+ Nxe8 27.
Ne4 Qe7 28. Qc3 Nef6 29. Nxf6+ Qxf6 30. Qe1 Qe6 31. Qxe6 fxe6 32. Kf1 Kg7 33.
Ke2 Kf6 34. Ke3 c5 35. dxc5 Nxc5 36. Bc2 e5 37. g3 a5 38. Nd2 Bc6 39. Ne4+ Nxe4
40. Bxe4 Bxa4 41. Kd2 h6 42. h4 g5 43. Bb1 Bc6 44. hxg5+ Kxg5 45. Ke3 Kf6 46.
f4 exf4+ 47. Kxf4 Ba4 48. Ba2 Bc2 49. Kg4 Bd1+ 50. Kf4 Bc2 51. Kg4 a4 52. Kf4
Bb3 53. Bb1 Bxc4 0-1

[Event "2.Nord-West-Cup"]
[Site "?"]
[Date "2000.02.13"]
[Round "6"]
[White "Walter, Stefan"]
[Black "Maschler, Andreas"]
[Result "0-1"]
[WhiteElo "1525"]
[BlackElo "1910"]
[PlyCount "74"]

1. d4 Nf6 2. c4 e6 3. Nc3 Bb4 4. Qc2 O-O 5. Bg5 b6 6. a3 Bxc3+ 7. Qxc3 Bb7 8.
Nf3 c5 9. dxc5 bxc5 10. g3 Nc6 11. Bg2 Nd4 12. Qd3 h6 13. Bxf6 Qxf6 14. Rb1 e5
15. e4 a5 16. b3 Qe7 17. O-O Ra6 18. Nxd4 cxd4 19. b4 axb4 20. axb4 Ra4 21. c5
Rfa8 22. Rfc1 Qe6 23. f3 Ra3 24. Qd1 Re3 25. Ra1 Rxa1 26. Rxa1 Qc4 27. Qd2 Rb3
28. f4 f6 29. Bf1 d3 30. Rc1 Qxe4 31. Bg2 Qd4+ 32. Qf2 Rb2 33. Qxd4 Rxg2+ 34.
Kf1 exd4 35. c6 Bxc6 36. b5 Rc2 37. Rb1 d2 0-1

[Event "2.Nord-West-Cup"]
[Site "?"]
[Date "2000.02.10"]
[Round "1"]
[White "Weller, Friedhelm"]
[Black "Sulskies, Giedrius"]
[Result "0-1"]
[WhiteElo "1782"]
[BlackElo "2223"]
[PlyCount "90"]

1. e4 c5 2. Nf3 e6 3. c3 d5 4. exd5 exd5 5. Bb5+ Bd7 6. Qe2+ Be7 7. d4 c4 8.
Bxd7+ Nxd7 9. Bg5 Ngf6 10. Nbd2 O-O 11. O-O Re8 12. Ne5 Bd6 13. f4 Qc7 14. Qf3
b5 15. Qh3 a5 16. a3 b4 17. axb4 axb4 18. Qf3 Ra5 19. Rxa5 Qxa5 20. h3 b3 21.
Kh2 Bf8 22. Rf2 Ra8 23. Nf1 Qb5 24. Re2 Ne4 25. Bh4 f6 26. Nxd7 Qxd7 27. Ne3
Ra2 28. Nxc4 Qb5 29. Nd2 Rxb2 30. Rxe4 dxe4 31. Qxe4 Rxd2 32. Qe6+ Kh8 33. Qc8
Qd5 34. Qxf8+ Qg8 35. Qb4 Qa8 36. d5 Rxd5 37. c4 Rd3 38. c5 h6 39. Qb6 Qd5 40.
Bf2 Rc3 41. Qb4 Rc2 42. Qe1 b2 43. Qe8+ Kh7 44. f5 Qe5+ 45. Bg3 Qxe8 0-1

[Event "2.Nord-West-Cup"]
[Site "?"]
[Date "2000.02.12"]
[Round "4"]
[White "Weller, Friedhelm"]
[Black "Broehl, Stefan"]
[Result "0-1"]
[WhiteElo "1782"]
[BlackElo "2197"]
[PlyCount "123"]

1. e4 c5 2. Nf3 Nc6 3. c3 d5 4. exd5 Qxd5 5. Bb5 Bg4 6. Be2 e5 7. d3 O-O-O 8.
c4 Qd7 9. Nc3 f6 10. Be3 Nb4 11. Nd5 Nxd5 12. cxd5 Qxd5 13. Qb3 Qxb3 14. axb3
Kb8 15. b4 Rc8 16. bxc5 Bxc5 17. Bxc5 Rxc5 18. Kd2 Nh6 19. Rhc1 Rd5 20. Rc4
Rhd8 21. Ra3 Be6 22. Rb4 Nf5 23. g3 a5 24. Rb6 Nd6 25. Ke3 Ka7 26. Rbb3 Nf5+
27. Kd2 e4 28. Ne1 Nd4 29. Rc3 Nb5 30. Rxa5+ Kb6 31. Rxb5+ Rxb5 32. Ke3 Rxb2
33. d4 f5 34. h4 Ra8 35. f3 Ra1 36. Ng2 exf3 37. Bxf3 Bd7 38. d5 Rg1 39. Nf4
Rxg3 40. h5 g5 41. hxg6 hxg6 42. Ne2 Rh3 43. Nf4 Rh6 44. Ne6 Rb5 45. Nd4 Rc5
46. Rb3+ Kc7 47. Kf4 Rc4 48. Ke5 Rxd4 49. Kxd4 Rh3 50. Ke5 g5 51. d6+ Kd8 52.
Bd5 Rxb3 53. Bxb3 f4 54. Bd1 Bh3 55. Bf3 b5 56. Bc6 b4 57. Bd5 Kd7 58. Be4 b3
59. Kd4 Kxd6 60. Kc3 Be6 61. Kd4 g4 62. Bb1 0-1

[Event "2.Nord-West-Cup"]
[Site "?"]
[Date "2000.02.12"]
[Round "5"]
[White "Weller, Friedhelm"]
[Black "Buntemeyer, Axel"]
[Result "0-1"]
[WhiteElo "1782"]
[BlackElo "1589"]
[PlyCount "66"]

1. e4 d5 2. exd5 Nf6 3. Nf3 Qxd5 4. Be2 Nc6 5. d4 Bg4 6. c3 O-O-O 7. h3 Bxf3 8.
Bxf3 Qd7 9. Bg5 h6 10. Bxf6 gxf6 11. Nd2 f5 12. Qa4 Qe6+ 13. Kd1 h5 14. Re1 Qg6
15. g3 h4 16. Bxc6 bxc6 17. Qxa7 Qh5+ 18. Kc2 hxg3 19. fxg3 f4 20. gxf4 Qf5+
21. Ne4 Rxh3 22. Rad1 Rh2+ 23. Kb1 Qb5 24. Qa8+ Kd7 25. Nc5+ Ke8 26. Qa3 e6 27.
f5 Rb8 28. b3 Bxc5 29. Qxc5 Qa4 30. Kc1 Rxb3 31. Rd2 Rb1+ 32. Kxb1 Rxd2 33.
Rxe6+ fxe6 0-1

[Event "2.Nord-West-Cup"]
[Site "?"]
[Date "2000.02.11"]
[Round "2"]
[White "Wesseln, Kai"]
[Black "Syed, Tareq"]
[Result "1-0"]
[WhiteElo "2356"]
[BlackElo "2095"]
[PlyCount "113"]

1. d4 d6 2. Nf3 Nf6 3. Bf4 Nh5 4. Bd2 Nf6 5. g3 Nbd7 6. Bg2 e5 7. O-O Be7 8. c4
c6 9. Nc3 O-O 10. e4 a6 11. d5 cxd5 12. cxd5 b5 13. b4 Nb6 14. a4 Bd7 15. axb5
axb5 16. Qb3 Nc4 17. Rfc1 Qb6 18. Be1 Rxa1 19. Rxa1 Rc8 20. Qa2 Bd8 21. h3 g6
22. Bf1 Qb8 23. Kg2 Bb6 24. Bd3 Rc7 25. Qa8 Qc8 26. Qxc8+ Rxc8 27. Ra6 Bd4 28.
Ne2 Nb2 29. Bb1 Ne8 30. Bd2 Nc4 31. Bc1 Nc7 32. Ra2 Bb6 33. Bd3 Ra8 34. Rxa8+
Nxa8 35. Bxc4 bxc4 36. Nd2 Bb5 37. Nc3 Nc7 38. Nxb5 Nxb5 39. Nxc4 Bd4 40. f4 f6
41. fxe5 fxe5 42. Na5 Bc3 43. Nc6 Kf7 44. Kf3 Kf6 45. Ke2 Nd4+ 46. Nxd4 Bxd4
47. Kd3 Ke7 48. Kc4 Kd7 49. Kb5 Kc7 50. Ka6 Bf2 51. g4 Bd4 52. b5 Bc5 53. g5
Kb8 54. b6 Ka8 55. Bd2 Kb8 56. Ba5 Be3 57. b7 1-0

[Event "2.Nord-West-Cup"]
[Site "?"]
[Date "2000.02.12"]
[Round "4"]
[White "Wesseln, Kai"]
[Black "Dgebuadze, Alexandre"]
[Result "1-0"]
[WhiteElo "2356"]
[BlackElo "2540"]
[PlyCount "89"]

1. d4 e6 2. Nf3 f5 3. Bf4 Nf6 4. e3 b6 5. Nbd2 Bb7 6. Bd3 Bd6 7. c3 O-O 8. Qc2
Bxf4 9. exf4 c5 10. O-O Qc7 11. g3 cxd4 12. Nxd4 Nc6 13. Nb5 Qb8 14. Nc4 a6 15.
Nd4 Nxd4 16. cxd4 Qc7 17. Ne3 Qd6 18. Qb3 Kh8 19. Rfd1 Bf3 20. Rdc1 Qxd4 21.
Bf1 Ne4 22. Rc4 Qd6 23. Qb4 Qb8 24. Rac1 a5 25. Qe1 d5 26. R4c2 Qd8 27. Bg2
Bxg2 28. Kxg2 Nc5 29. Rd1 Qf6 30. b4 axb4 31. Qxb4 Ra6 32. Re2 h6 33. Nc2 Rc8
34. Nd4 Ra4 35. Qb2 Rc4 36. Re5 Na4 37. Qb3 Nc5 38. Qe3 Qf7 39. Nxe6 Nxe6 40.
Rxe6 d4 41. Qe5 R4c5 42. Qe2 Rc2 43. Qe5 Qb7+ 44. Kg1 Qf3 45. Rxh6+ 1-0

[Event "2.Nord-West-Cup"]
[Site "?"]
[Date "2000.02.12"]
[Round "5"]
[White "Wesseln, Kai"]
[Black "Kalinitschew, Sergey"]
[Result "0-1"]
[WhiteElo "2356"]
[BlackElo "2504"]
[PlyCount "80"]

1. d4 f5 2. Nf3 Nf6 3. g3 g6 4. Bg2 Bg7 5. O-O O-O 6. c3 e6 7. Nbd2 Nc6 8. Re1
d5 9. Nb3 Ne4 10. Nfd2 e5 11. dxe5 Nxe5 12. Nxe4 fxe4 13. f4 Nc4 14. e3 c6 15.
Nd2 Nd6 16. Qc2 g5 17. Nf1 b6 18. b3 Ba6 19. Bb2 Bd3 20. Qf2 c5 21. c4 dxc4 22.
Bxg7 Kxg7 23. bxc4 Qf6 24. Nd2 b5 25. cxb5 c4 26. a4 a6 27. b6 a5 28. Rac1 Rab8
29. Nb1 Rxb6 30. Qd2 Rfb8 31. fxg5 Qxg5 32. Qc3+ Qf6 33. Qxf6+ Kxf6 34. Nc3 Ke5
35. Bf1 Rb2 36. Bg2 Rd2 37. Red1 Rxd1+ 38. Nxd1 Rb4 39. Ra1 Nf5 40. Bh3 Ne7 0-1

[Event "2.Nord-West-Cup"]
[Site "?"]
[Date "2000.02.11"]
[Round "3"]
[White "Westermann, Ralph"]
[Black "Lammers, Markus"]
[Result "0-1"]
[WhiteElo "1376"]
[BlackElo "1265"]
[PlyCount "57"]

1. c4 e5 2. Nc3 Nf6 3. e4 Nc6 4. Nf3 Bc5 5. Nxe5 Nxe5 6. d4 Bb4 7. dxe5 Nxe4 8.
Bd2 Nxd2 9. Qxd2 Qe7 10. f4 d6 11. O-O-O dxe5 12. fxe5 O-O 13. Qd4 Bf5 14. h4
Rfd8 15. Nd5 Qe6 16. Bd3 c6 17. Bxf5 Qxf5 18. Ne7+ Bxe7 19. Qe3 g5 20. Rdf1 Qg6
21. h5 Qe6 22. Qe4 Rd7 23. Rh3 Rad8 24. Rhf3 Rd4 25. Qf5 Qxc4+ 26. Qc2 g4 27.
Rxf7 Bg5+ 28. Kb1 Qxf7 29. Qf5 0-1

[Event "2.Nord-West-Cup"]
[Site "?"]
[Date "2000.02.10"]
[Round "1"]
[White "Wichelmann, Martin"]
[Black "Wesseln, Kai"]
[Result "0-1"]
[WhiteElo "1920"]
[BlackElo "2356"]
[PlyCount "80"]

1. e4 c5 2. c3 d5 3. exd5 Qxd5 4. d4 cxd4 5. cxd4 Nc6 6. Nf3 e5 7. Nc3 Bb4 8.
Bd2 Bxc3 9. Bxc3 e4 10. Ne5 Nxe5 11. dxe5 Ne7 12. Qxd5 Nxd5 13. Bb5+ Bd7 14.
Bxd7+ Kxd7 15. Bd4 Ke6 16. O-O Rhd8 17. Rfe1 Nf4 18. Bc3 Kf5 19. f3 exf3 20.
gxf3 Rd3 21. Rad1 Rad8 22. Rxd3 Rxd3 23. Re4 Rxf3 24. Rc4 h5 25. h4 Ne6 26. Rb4
b6 27. Ra4 a5 28. Rc4 b5 29. Rc8 b4 30. Be1 Re3 31. Kf1 Rxe5 32. Ra8 Ke4 33. a3
Rf5+ 34. Kg1 Nd4 35. axb4 Nf3+ 36. Kf2 Nxe1+ 37. Kxe1 axb4 38. Rb8 Rf4 39.
Rxb4+ Kf3 40. Rb5 g6 0-1

[Event "2.Nord-West-Cup"]
[Site "?"]
[Date "2000.02.12"]
[Round "4"]
[White "Wichelmann, Martin"]
[Black "Herrmann, Lutz"]
[Result "0-1"]
[WhiteElo "1920"]
[BlackElo "1765"]
[PlyCount "82"]

1. e4 e6 2. d4 d5 3. e5 c5 4. c3 Nc6 5. Nf3 Qb6 6. Be2 Bd7 7. O-O cxd4 8. cxd4
Rc8 9. Nc3 a6 10. a3 Na5 11. b4 Nc4 12. Na4 Qc6 13. Nc5 b6 14. Nxd7 Qxd7 15.
Be3 Ne7 16. Bd3 b5 17. Ng5 h6 18. Qh5 g6 19. Qh3 Bg7 20. Nf3 Nf5 21. Bc1 Qa7
22. Rd1 Nxd4 23. Bxg6 Nxf3+ 24. gxf3 Qe7 25. Bb1 Nxe5 26. Be3 Nxf3+ 27. Qxf3
Bxa1 28. Kh1 Qf6 29. Qg4 h5 30. Qg2 Rc4 31. h3 Bd4 32. Qg3 Bxe3 33. fxe3 d4 34.
Qb8+ Qd8 35. Qe5 Qd5+ 36. Qxd5 exd5 37. exd4 Rc3 38. Ba2 Rxh3+ 39. Kg2 Rxa3 40.
Bxd5 h4 41. Bc6+ Ke7 0-1

[Event "2.Nord-West-Cup"]
[Site "?"]
[Date "2000.02.13"]
[Round "6"]
[White "Wichelmann, Martin"]
[Black "Huntemann, Herms"]
[Result "0-1"]
[WhiteElo "1920"]
[BlackElo "1244"]
[PlyCount "72"]

1. e4 e5 2. Nf3 Nf6 3. Nxe5 d6 4. Nf3 Nxe4 5. c4 Nf6 6. Nc3 Bf5 7. d4 Be7 8.
Bd3 Bg6 9. O-O c5 10. Bxg6 hxg6 11. dxc5 dxc5 12. Qxd8+ Bxd8 13. Re1+ Be7 14.
Nb5 Na6 15. Bf4 Rd8 16. Bd6 Ng8 17. Re2 Kf8 18. Rae1 Bxd6 19. Nxd6 Nf6 20. Nxb7
Rd7 21. Na5 Nb4 22. Ne5 Rd4 23. a3 Nd3 24. Nxd3 Rxd3 25. Re7 Kg8 26. Rxa7 Kh7
27. h3 Rb8 28. b3 Kh6 29. Rb1 Ne4 30. Rb2 Kg5 31. Rb7 Ra8 32. Rb5 f5 33. a4 Kh4
34. Nb7 Rd1+ 35. Kh2 f4 36. Nxc5 Ng3 0-1

[Event "2.Nord-West-Cup"]
[Site "?"]
[Date "2000.02.13"]
[Round "7"]
[White "Wichelmann, Martin"]
[Black "Walter, Stefan"]
[Result "0-1"]
[WhiteElo "1920"]
[BlackElo "1525"]
[PlyCount "82"]

1. e4 e5 2. Nf3 Nc6 3. Bb5 a6 4. Bxc6 dxc6 5. O-O Bd6 6. d4 Bg4 7. Be3 Bxf3 8.
Qxf3 exd4 9. Bxd4 Bxh2+ 10. Kxh2 Qxd4 11. Nc3 Qe5+ 12. Kg1 O-O-O 13. Qe3 Kb8
14. Rad1 Nf6 15. Qe2 Rde8 16. Rfe1 h5 17. Rd2 Ng4 18. g3 Qg5 19. f3 Nf6 20. Qf2
h4 21. g4 Nh5 22. Qe3 Nf4 23. Kh1 Qe5 24. Qf2 g6 25. Qd4 Qxd4 26. Rxd4 Rd8 27.
Red1 Kc8 28. e5 Ne6 29. Rxd8+ Rxd8 30. Re1 Rd2 31. Re2 Rxe2 32. Nxe2 g5 33. Kg2
Kd7 34. Kf2 c5 35. Ke3 Nd4 36. Nc3 Nxc2+ 37. Kf2 Nd4 38. Ne4 Ne6 39. Ke3 Kc6
40. Nf6 b5 41. Ke2 c4 0-1

[Event "2.Nord-West-Cup"]
[Site "?"]
[Date "2000.02.10"]
[Round "1"]
[White "Willms, Axel"]
[Black "Niebergall, Gerhard"]
[Result "1/2-1/2"]
[WhiteElo "1350"]
[BlackElo "2113"]
[PlyCount "143"]

1. d4 Nf6 2. c4 g6 3. Nc3 d5 4. Bf4 Bg7 5. e3 c5 6. dxc5 Qa5 7. Qa4+ Qxa4 8.
Nxa4 Ne4 9. Rc1 Bd7 10. Nc3 Nxc3 11. bxc3 dxc4 12. Bxc4 Na6 13. Nf3 Nxc5 14.
Ne5 O-O 15. Nxd7 Nxd7 16. Bd5 Nc5 17. O-O Rad8 18. c4 e6 19. Bf3 e5 20. Bg3 f6
21. Bd5+ Kh8 22. Bh4 g5 23. Bg3 f5 24. f3 f4 25. Bf2 Nd3 26. Rcd1 Nxf2 27. Kxf2
Bf6 28. e4 b6 29. a4 Be7 30. Rd3 Bc5+ 31. Ke2 h5 32. h3 Rf6 33. Rfd1 Bd4 34.
Rh1 Kg7 35. Rb3 a5 36. Rb5 Rg6 37. Rbb1 g4 38. hxg4 hxg4 39. Rh2 gxf3+ 40. gxf3
Rh8 41. Rbh1 Rxh2+ 42. Rxh2 Rg1 43. Rh4 Rg2+ 44. Kd3 Ra2 45. Bc6 Ra3+ 46. Ke2
Re3+ 47. Kf2 Rxe4+ 48. Kg2 Re2+ 49. Kh3 Rc2 50. Bd5 Rc1 51. Kg4 Rb1 52. Bc6 Rb4
53. Bb5 Kg6 54. Be8+ Kf6 55. Bb5 Rb3 56. Rh6+ Kg7 57. Rd6 Rc3 58. Ba6 Kf7 59.
Bb5 Ke7 60. Rh6 Bc5 61. Ba6 Rd3 62. Bb5 Kf7 63. Ba6 Rd6 64. Rxd6 Bxd6 65. Kf5
Ke7 66. Bb7 Bc5 67. Bc6 Kd6 68. Bb5 Ba3 69. Ke4 Bc5 70. Kd3 Bd4 71. Ke4 Kc5 72.
Kd3 1/2-1/2

[Event "2.Nord-West-Cup"]
[Site "?"]
[Date "2000.02.11"]
[Round "3"]
[White "Willms, Axel"]
[Black "Sarveniazi, Alireza"]
[Result "0-1"]
[WhiteElo "1350"]
[BlackElo "1920"]
[PlyCount "60"]

1. d4 Nf6 2. c4 e6 3. Nf3 b6 4. g3 Bb7 5. Bg2 Bb4+ 6. Nc3 Ne4 7. Qc2 O-O 8. O-O
d5 9. Nd2 f5 10. cxd5 exd5 11. Ncxe4 fxe4 12. Qb3 Bxd2 13. Bxd2 Kh8 14. Bf4 Nd7
15. Rac1 c5 16. Bd6 c4 17. Qe3 Rf7 18. f4 Nf6 19. Be5 Ng4 20. Qd2 h5 21. e3 Rc8
22. Qe2 Qe8 23. h3 Nf6 24. g4 hxg4 25. hxg4 Nd7 26. Kf2 Nxe5 27. Rh1+ Kg8 28.
dxe5 Qxe5 29. Rh5 Qd6 30. Rch1 Kf8 0-1

[Event "2.Nord-West-Cup"]
[Site "?"]
[Date "2000.02.12"]
[Round "5"]
[White "Willms, Axel"]
[Black "Carstens, Manfred"]
[Result "1/2-1/2"]
[WhiteElo "1350"]
[BlackElo "1690"]
[PlyCount "38"]

1. d4 Nf6 2. Nf3 g6 3. c4 d5 4. Nc3 Bg7 5. Bf4 O-O 6. e3 c6 7. Qb3 b6 8. Rc1 e6
9. Be2 Nh5 10. Be5 f5 11. Bxg7 Nxg7 12. Ne5 Bb7 13. cxd5 cxd5 14. O-O Nd7 15.
f4 Nxe5 16. dxe5 Rc8 17. Nb5 Rxc1 18. Rxc1 g5 19. Nd6 Ba8 1/2-1/2

[Event "2.Nord-West-Cup"]
[Site "?"]
[Date "2000.02.13"]
[Round "7"]
[White "Willms, Axel"]
[Black "Lukossek, Thomas"]
[Result "1/2-1/2"]
[WhiteElo "1350"]
[BlackElo "1699"]
[PlyCount "22"]

1. d4 Nf6 2. Nf3 g6 3. c4 d6 4. Nc3 Bg7 5. e4 O-O 6. Be2 c5 7. d5 e6 8. O-O
exd5 9. exd5 Bg4 10. h3 Bxf3 11. Bxf3 a6 1/2-1/2

[Event "2.Nord-West-Cup"]
[Site "?"]
[Date "2000.02.10"]
[Round "1"]
[White "Wind, Michael"]
[Black "Porth, Hartmut"]
[Result "0-1"]
[WhiteElo "1640"]
[BlackElo "2198"]
[PlyCount "94"]

1. d4 Nc6 2. c4 e5 3. d5 Nce7 4. Nc3 Ng6 5. Nf3 Bb4 6. Qc2 Nf6 7. a3 Bxc3+ 8.
Qxc3 d6 9. Bg5 h6 10. Bxf6 Qxf6 11. e3 O-O 12. Be2 a5 13. O-O Qe7 14. b4 b6 15.
c5 bxc5 16. bxc5 Bg4 17. c6 f5 18. h3 Bxf3 19. Bxf3 e4 20. Be2 Ne5 21. Rab1 g5
22. Rb7 g4 23. hxg4 fxg4 24. Qd4 Nf3+ 25. Bxf3 gxf3 26. g3 Rae8 27. Rfb1 Rf7
28. Rb8 Rff8 29. R8b7 Rf7 30. Rb8 Rg7 31. Rxe8+ Qxe8 32. Qf6 Kh7 33. Qf5+ Qg6
34. Qxg6+ Kxg6 35. Rb7 Kf5 36. Ra7 h5 37. Kh2 h4 38. Rxa5 hxg3+ 39. fxg3 Kg4
40. Ra8 Rg5 41. Re8 Rh5+ 42. Kg1 Rxd5 43. Rxe4+ Kxg3 44. Rd4 f2+ 45. Kf1 Rh5
46. Rf4 Rh1+ 47. Ke2 Re1+ 0-1

[Event "2.Nord-West-Cup"]
[Site "?"]
[Date "2000.02.12"]
[Round "4"]
[White "Wind, Michael"]
[Black "Paust, Wolf-Dieter"]
[Result "0-1"]
[WhiteElo "1640"]
[BlackElo "2133"]
[PlyCount "46"]

1. d4 d5 2. c4 dxc4 3. e4 Nf6 4. e5 Nd5 5. Bxc4 Bf5 6. Nc3 Nb6 7. Bb3 Nc6 8.
Nf3 e6 9. O-O Nb4 10. Bg5 Qd7 11. a3 h6 12. Bh4 Nd3 13. Qd2 c5 14. Bc2 cxd4 15.
Nxd4 Nxb2 16. Bxf5 N6c4 17. Qc2 Qxd4 18. Bxe6 Qxh4 19. Bxf7+ Kxf7 20. Qf5+ Kg8
21. Rad1 Nxd1 22. Rxd1 Re8 23. Rd7 Nxe5 0-1

[Event "2.Nord-West-Cup"]
[Site "?"]
[Date "2000.02.13"]
[Round "6"]
[White "Wind, Michael"]
[Black "Hoffmann, Rainer"]
[Result "0-1"]
[WhiteElo "1640"]
[BlackElo "2030"]
[PlyCount "70"]

1. d4 Nf6 2. c4 d6 3. Nc3 e5 4. dxe5 dxe5 5. Qxd8+ Kxd8 6. Bg5 c6 7. O-O-O+ Kc7
8. Nf3 Nbd7 9. a3 a5 10. e3 Ng4 11. Bh4 f6 12. h3 Nh6 13. Bd3 Nc5 14. Bc2 Nf5
15. g4 Nxh4 16. Nxh4 Be6 17. b3 a4 18. b4 Nb3+ 19. Kb2 Bxc4 20. Ne4 Bd5 21.
Rhe1 b5 22. Kc3 Re8 23. Nf5 Re6 24. Rb1 g6 25. Nfg3 Be7 26. Rbd1 Rf8 27. Bxb3
Bxb3 28. Rd2 f5 29. gxf5 gxf5 30. Nc5 Bxc5 31. bxc5 Bd5 32. Nxf5 Rxf5 33. e4
Rf3+ 34. Kb2 Bb3 35. Rg1 Rg6 0-1

[Event "2.Nord-West-Cup"]
[Site "?"]
[Date "2000.02.10"]
[Round "1"]
[White "Wittje, Bertholt"]
[Black "Schneider, Florian"]
[Result "1-0"]
[WhiteElo "2221"]
[BlackElo "1779"]
[PlyCount "89"]

1. Nf3 c5 2. g3 d5 3. Bg2 Nc6 4. d4 cxd4 5. Nxd4 e5 6. Nxc6 bxc6 7. O-O Bc5 8.
c4 Ne7 9. cxd5 cxd5 10. Nc3 Bb7 11. b4 Bd4 12. Bb2 Rc8 13. Rc1 O-O 14. e3 Bxc3
15. Bxc3 f6 16. Qb3 Kh8 17. Rfd1 Qd7 18. b5 Rfd8 19. Bb4 Rxc1 20. Rxc1 Nc8 21.
a4 d4 22. Bxb7 Qxb7 23. exd4 exd4 24. Rd1 Qc7 25. a5 h6 26. Bd2 Rd7 27. Qe6 Re7
28. Qg4 Qd7 29. Qxd7 Rxd7 30. Bb4 Rd5 31. Rc1 Nd6 32. Bxd6 Rxd6 33. Kf1 Kg8 34.
Ke2 Rd5 35. Rb1 Kf7 36. Kd3 Ke6 37. b6 axb6 38. axb6 Rd8 39. b7 Rb8 40. Kxd4
Kd6 41. Ke4 Ke6 42. Rb6+ Ke7 43. h4 g6 44. h5 gxh5 45. Kf5 1-0

[Event "2.Nord-West-Cup"]
[Site "?"]
[Date "2000.02.11"]
[Round "3"]
[White "Wittje, Berthold"]
[Black "Gutman, Lev"]
[Result "0-1"]
[WhiteElo "2221"]
[BlackElo "2488"]
[PlyCount "49"]

1. Nf3 Nf6 2. g3 b5 3. Bg2 Bb7 4. d4 e6 5. O-O Be7 6. Qd3 b4 7. Re1 c5 8. e4 c4
9. Qxc4 Nxe4 10. a3 bxa3 11. Nxa3 O-O 12. Bf4 d6 13. Qd3 Nf6 14. Qe3 Qc8 15.
Nb5 Bd5 16. Qa3 Ne8 17. Nc3 Bb7 18. d5 Nc7 19. Bxd6 Bxd6 20. Qxd6 Nxd5 21. Ne4
Nc6 22. c4 Nde7 23. Nc5 Rd8 24. Qf4 Ng6 25. Nxb7 0-1

[Event "2.Nord-West-Cup"]
[Site "?"]
[Date "2000.02.13"]
[Round "6"]
[White "Wittje, Bertholt"]
[Black "Meins, Gerlef"]
[Result "0-1"]
[WhiteElo "2221"]
[BlackElo "2421"]
[PlyCount "44"]

1. Nf3 d5 2. g3 c6 3. Bg2 Bg4 4. O-O Nd7 5. d4 e6 6. Nbd2 f5 7. c4 Bd6 8. Rb1
Ngf6 9. b4 a6 10. a4 O-O 11. b5 axb5 12. axb5 Ne4 13. Qb3 Qa5 14. h3 Bh5 15.
cxd5 cxd5 16. g4 fxg4 17. hxg4 Bg6 18. Rb2 Nc3 19. Nh4 Nxe2+ 20. Kh1 Qd8 21.
Nxg6 hxg6 22. g5 Ra3 0-1

[Event "2.Nord-West-Cup"]
[Site "?"]
[Date "2000.02.11"]
[Round "2"]
[White "Zschischang, Gunnar"]
[Black "Carstens, Manfred"]
[Result "1-0"]
[WhiteElo "2066"]
[BlackElo "1690"]
[PlyCount "75"]

1. Nc3 d5 2. e4 d4 3. Nce2 e5 4. Ng3 Be6 5. Nf3 f6 6. Nh4 g6 7. Bd3 Bd6 8. Qe2
Ne7 9. Bc4 Qd7 10. O-O Nbc6 11. a3 O-O-O 12. b4 Rdf8 13. Bxe6 Qxe6 14. c4 dxc3
15. dxc3 f5 16. exf5 gxf5 17. Nf3 Rhg8 18. c4 f4 19. c5 fxg3 20. hxg3 Nf5 21.
cxd6 cxd6 22. Bb2 Rf6 23. b5 Nce7 24. Rac1+ Kb8 25. Rfe1 Rgg6 26. Rc4 Nxg3 27.
fxg3 Rxg3 28. Bxe5 dxe5 29. Qxe5+ Qxe5 30. Nxe5 Rd6 31. Ng4 Rd7 32. Nf6 Rgd3
33. Nxd7+ Rxd7 34. Rf1 Nc8 35. Rf8 Rc7 36. Rxc7 Kxc7 37. Rf7+ Kb6 38. Rxh7 1-0

[Event "2.Nord-West-Cup"]
[Site "?"]
[Date "2000.02.12"]
[Round "4"]
[White "Zschischang, Gunnar"]
[Black "Mulde, Ralf"]
[Result "1-0"]
[WhiteElo "2066"]
[BlackElo "1868"]
[PlyCount "43"]

1. Nc3 d5 2. e4 Nf6 3. e5 Ne4 4. Nce2 f6 5. d3 Nc5 6. d4 Ne6 7. f4 c5 8. f5
Nxd4 9. Nxd4 cxd4 10. Qh5+ g6 11. fxg6 Bg7 12. gxh7+ Kf8 13. exf6 exf6 14. Ne2
Qe8 15. Qxd5 Nc6 16. Bf4 Ne5 17. O-O-O d3 18. Bxe5 fxe5 19. Rxd3 e4 20. Qd6+
Kf7 21. Rg3 Bf5 22. Nd4 1-0

[Event "2.Nord-West-Cup"]
[Site "?"]
[Date "2000.02.13"]
[Round "7"]
[White "Zschischang, Gunnar"]
[Black "Leiber, Bernard"]
[Result "0-1"]
[WhiteElo "2066"]
[BlackElo "2212"]
[PlyCount "78"]

1. Nc3 Nf6 2. d4 g6 3. Bg5 d5 4. Qd2 Nbd7 5. Nf3 h6 6. Bf4 c6 7. Ne5 g5 8. Nxd7
Bxd7 9. Be5 Bg7 10. f3 b5 11. g4 h5 12. gxh5 Rxh5 13. O-O-O Qb6 14. e3 O-O-O
15. Qd3 Rdh8 16. Ne2 Ne8 17. Ng3 Bxe5 18. dxe5 Rxh2 19. Rxh2 Rxh2 20. Nf5 Qc5
21. Nd4 Nc7 22. Nb3 Qc4 23. e4 Qxd3 24. Bxd3 dxe4 25. Bxe4 Ne6 26. Na5 Kc7 27.
b4 c5 28. a3 c4 29. Kb2 Re2 30. Rg1 f6 31. exf6 exf6 32. Ba8 Nd4 33. Kc3 Nxf3
34. Rh1 Re3+ 35. Kb2 c3+ 36. Ka1 Be6 37. Rh7+ Kd6 38. Nb7+ Ke5 39. Rh1 Bd5 0-1

[Event "2.Nord-West-Cup"]
[Site "?"]
[Date "2000.02.10"]
[Round "1"]
[White "Zschischang, Marine"]
[Black "Glek, Igor"]
[Result "0-1"]
[WhiteElo "2037"]
[BlackElo "2554"]
[PlyCount "70"]

1. d4 f5 2. c4 Nf6 3. Nc3 e6 4. f3 Bb4 5. Bd2 O-O 6. Nh3 d6 7. a3 Bxc3 8. Bxc3
Qe8 9. Nf4 Nc6 10. e3 e5 11. dxe5 dxe5 12. Nd5 Qf7 13. Qb3 Rb8 14. Nxf6+ Qxf6
15. Qc2 f4 16. Bd3 fxe3 17. Bxh7+ Kh8 18. Be4 Nd4 19. Qd3 Qh4+ 20. g3 Qh6 21.
Bxd4 exd4 22. Qxd4 Bh3 23. Ke2 Rbe8 24. Qxe3 Qf6 25. Qc3 Rxe4+ 26. fxe4 Qf2+
27. Kd1 Bf1 28. b4 Qg2 29. Qd2 Qxh1 30. Kc2 Qxe4+ 31. Kb2 Qe5+ 32. Qc3 Rf2+ 33.
Kb3 Qe4 34. Ka4 Bxc4 35. Re1 Qc6+ 0-1